Power politics : (Record no. 47512)
[ view plain ]
| 000 -LEADER | |
|---|---|
| fixed length control field | 01268nam a2200325 i 4500 |
| 003 - CONTROL NUMBER IDENTIFIER | |
| control field | EG-GICUC |
| 005 - DATE AND TIME OF LATEST TRANSACTION | |
| control field | 20260121101409.0 |
| 008 - FIXED-LENGTH DATA ELEMENTS--GENERAL INFORMATION | |
| fixed length control field | 251130s1951 uk ||||fr|||| 001 0 eng d |
| 040 ## - CATALOGING SOURCE | |
| Original cataloging agency | EG-GiCUC |
| Language of cataloging | eng |
| Transcribing agency | EG-GiCUC |
| Modifying agency | EG-GiCUC |
| Description conventions | rda |
| 041 ## - LANGUAGE CODE | |
| Language code of text/sound track or separate title | eng |
| 082 04 - DEWEY DECIMAL CLASSIFICATION NUMBER | |
| Edition number | 21 |
| Classification number | 341.71 |
| Item number | S C . P |
| 092 04 - LOCALLY ASSIGNED DEWEY CALL NUMBER (OCLC) | |
| Edition number | 21 |
| 099 ## - LOCAL FREE-TEXT CALL NUMBER (OCLC) | |
| Classification number | Law1 11 341.71 S C . P 2 ed - 1951 |
| 100 1# - MAIN ENTRY--PERSONAL NAME | |
| Personal name | Schwarzenberger, Georg, |
| Dates associated with a name | 1908-1991, |
| Relator term | Author. |
| 245 10 - TITLE STATEMENT | |
| Title | Power politics : |
| Remainder of title | a study of international society / |
| Statement of responsibility, etc. | Georg Schwarzenberger. |
| 250 ## - EDITION STATEMENT | |
| Edition statement | Second edition |
| 264 #1 - PRODUCTION, PUBLICATION, DISTRIBUTION, MANUFACTURE, AND COPYRIGHT NOTICE | |
| Place of production, publication, distribution, manufacture | Londod : |
| Name of producer, publisher, distributor, manufacturer | Stevens, |
| Date of production, publication, distribution, manufacture, or copyright notice | 1951 |
| 300 ## - PHYSICAL DESCRIPTION | |
| Extent | xxii, 898 pages : |
| Other physical details | frontispiece, map (on lining-papers) ; |
| Dimensions | 24 cm |
| 336 ## - CONTENT TYPE | |
| Source | rda content |
| Content type term | text |
| 337 ## - MEDIA TYPE | |
| Source | rda media |
| Media type term | Computer |
| 338 ## - CARRIER TYPE | |
| Source | rda carrier |
| Carrier type term | Online Resource |
| 490 1# - SERIES STATEMENT | |
| Series statement | The Library of world affairs ; |
| Volume/sequential designation | no. 18. |
| 504 ## - BIBLIOGRAPHY, ETC. NOTE | |
| Bibliography, etc. note | General bibliography on the background of international relations, compiled by L. C. Green": pages 817-839. "Specialised bibliography": pages 841-873. |
| 650 14 - SUBJECT ADDED ENTRY--TOPICAL TERM | |
| Topical term or geographic name entry element | Politique internationale |
| General subdivision | Droit international public |
| Source of heading or term | qrmak |
| 651 1# - SUBJECT ADDED ENTRY--GEOGRAPHIC NAME | |
| Source of heading or term | qrmak |
| 830 #0 - SERIES ADDED ENTRY--UNIFORM TITLE | |
| Uniform title | The Library of world affairs ; |
| Volume/sequential designation | no. 18. |
| 856 40 - ELECTRONIC LOCATION AND ACCESS | |
| Uniform Resource Identifier | <a href="https://fll.law.cu.edu.eg/fulltext/bks/B11-05775.pdf">https://fll.law.cu.edu.eg/fulltext/bks/B11-05775.pdf</a> |
| 905 ## - Cataloger and Reviser Names | |
| Cataloger Name: | Rawan khaled |
| Revisor Name: | Hassnaa |
| 942 ## - ADDED ENTRY ELEMENTS (KOHA) | |
| Source of classification or shelving scheme | Dewey Decimal Classification |
| Suppress in OPAC | No |
| Koha item type | Books |
| Edition | 21 |
| Withdrawn status | Lost status | Source of classification or shelving scheme | Damaged status | Not for loan | Collection | Home library | Current library | Date acquired | Total checkouts | Full call number | Barcode | Date last seen | Copy number | Price effective from | Koha item type |
|---|---|---|---|---|---|---|---|---|---|---|---|---|---|---|---|
| Dewey Decimal Classification | Not for loan | القانون الدولي العام | جــــامعة القــاهرة | مكتبة كلية الحقوق - المبنى الرئيسي | 30.11.2025 | Law1 11 341.71 S C . P 2 ed - 1951 1105775 C1 | B11-05775 | 30.11.2025 | 1 | 30.11.2025 | Books |